Hồ sơ văn hoá Mỹ = A file on American Culture /
Salvato in:
| Autore principale: | |
|---|---|
| Altri autori: | , , |
| Natura: | Sách giấy |
| Lingua: | Vietnamese English |
| Pubblicazione: |
H. :
Thế giới,
1995
|
| Soggetti: | |
| Tags: |
Aggiungi Tag
Nessun Tag, puoi essere il primo ad aggiungerne! !
|
| Thư viện lưu trữ: | Thư viện Trường Đại học Đà Lạt |
|---|
| LEADER | 00767nam a2200301 4500 | ||
|---|---|---|---|
| 001 | DLU020015233 | ||
| 005 | ##20000804 | ||
| 020 | # | # | |a 978- |
| 041 | # | # | |a vie |a eng |
| 082 | # | # | |a 306.089 13 |b Hos |
| 100 | # | # | |a Hữu Ngọc |
| 245 | # | # | |a Hồ sơ văn hoá Mỹ = |b A file on American Culture / |c Hữu Ngọc, Borton Lady, Hess Martha, ... |
| 260 | # | # | |a H. : |b Thế giới, |c 1995 |
| 300 | # | # | |a 871 tr.; |c 21 cm. |
| 650 | # | # | |a Bản sắc dân tộc, Hoa Kỳ. |
| 651 | # | # | |a Hoa Kỳ |x Văn minh. |
| 700 | # | # | |a ..., |
| 700 | # | # | |a Borton, Lady |
| 700 | # | # | |a Hess, Martha |
| 992 | # | # | |a 60000 |
| 994 | # | # | |a DLU |
| 900 | # | # | |a False |
| 911 | # | # | |a Administrator |
| 925 | # | # | |a G |
| 926 | # | # | |a A |
| 927 | # | # | |a SH |
| 980 | # | # | |a Thư viện Trường Đại học Đà Lạt |